Wymień drużyny, które wyeliminowały polskie kluby z el.LM,LE - Statystyki

Ogólne statystyki
  • Ten quiz został rozwiązany 384 razy
    138 od ostatniego zresetowania
  • Średni wynik to 33 z 75
Statystyki odpowiedzi
Sezon Rozgrywki Runda Wyeliminowany Polski Klub Wyniki (PL-ZAG) Kraj klubu Klub % Poprawnych
18/19 Liga Europy III Jagiellonia 0:1 ; 1:3 Belgia KAA Gent
75%
21/22 Liga Konferencji Europy IV Raków Częstochowa 1:0 ; 0:3 Belgia KAA Gent
75%
23/24 Liga Konferencji Europy III Pogoń Szczecin 0:5 ; 2:1 Belgia KAA Gent
75%
20/21 Liga Europy I Cracovia 0:2 (brak rewanżu) Szwecja Malmo FF
72%
22/23 Liga Konferencji Europy IV Raków Częstochowa 2:1 ; 0:2 po dogrywce Czechy Slavia Praga
69%
10/11 Liga Europy III Wisła Kraków 0:1 ; 2:3 Azerbejdżan Karabach Agdam
67%
13/14 Liga Europy II Piast Gliwice 1:2 ; 2:2 po dogrywce Azerbejdżan Karabach Agdam
67%
20/21 Liga Europy IV Legia Warszawa 0:3 (brak rewanżu) Azerbejdżan Karabach Agdam
67%
01/02 Liga Mistrzów III Wisła Kraków 3:4 ; 0:1 Hiszpania FC Barcelona
66%
02/03 Liga Mistrzów III Legia Warszawa 0:3 ; 0:1 Hiszpania FC Barcelona
66%
08/09 Liga Mistrzów III Wisła Kraków 0:4 ; 1:0 Hiszpania FC Barcelona
66%
11/12 Liga Europy IV Śląsk Wrocław 1:3 ; 1:1 Rumunia Rapid Bukareszt
66%
11/12 Liga Mistrzów IV Wisła Kraków 1:0 ; 1:3 Cypr APOEL Nikozja
65%
04/05 Liga Mistrzów III Wisła Kraków 0:2 ; 1:3 Hiszpania Real Madryt
65%
21/22 Liga Mistrzów III Legia Warszawa 1:1 ; 0:1 Chorwacja Dinamo Zagrzeb
64%
23/24 Liga Mistrzów IV Raków Częstochowa 0:1 ; 1:1 Dania FC Kopenhaga
64%
20/21 Liga Europy III Piast Gliwice 0:3 (brak rewanżu) Dania FC Kopenhaga
64%
10/11 Liga Mistrzów III Lech Poznań 0:1 ; 0:1 Czechy Sparta Praga
64%
10/11 Liga Europy III Ruch Chorzów 1:3 ; 0:3 Austria Austria Wiedeń
62%
18/19 Liga Mistrzów II Legia Warszawa 0:2 ; 1:0 Słowacja Spartak Trnawa
61%
23/24 Liga Konferencji Europy III Lech Poznań 2:1 ; 1:3 Słowacja Spartak Trnawa
61%
14/15 Liga Mistrzów III Legia Warszawa 4:1 ; 0:3 (walk.) Szkocja Celtic Glasgow
60%
18/19 Liga Europy III Lech Poznań 0:2 ; 1:2 Belgia KRC Genk
60%
09/10 Liga Europy III Legia Warszawa 1:1 ; 2:2 Dania Brondby IF
58%
19/20 Liga Europy II Lechia Gdańsk 2:1 ; 1:4 po dogrywce Dania Brondby IF
58%
94/95 Liga Mistrzów I Legia Warszawa 0:1 ; 0:4 Chorwacja Hajduk Split
57%
19/20 Liga Europy IV Legia Warszawa 0:0 ; 0:1 Szkocja Rangers
51%
03/04 Liga Mistrzów III Wisła Kraków 1:3 ; 0:1 Belgia Anderlecht
50%
19/20 Liga Mistrzów I Piast Gliwice 1:1 ; 1:2 Białoruś BATE Borysów
50%
20/21 Liga Mistrzów II Legia Warszawa 0:2 (brak rewanżu) Cypr Omonia Nikozja
49%
15/16 Liga Europy II Jagiellonia 0:0 ; 0:1 Cypr Omonia Nikozja
49%
07/08 Liga Mistrzów II Zagłębie Lubin 0:1 ; 1:2 Rumunia Steaua Bukareszt
49%
13/14 Liga Mistrzów IV Legia Warszawa 1:1 ; 2:2 Rumunia Steaua Bukareszt
49%
17/18 Liga Europy IV Legia Warszawa 1:1 ; 0:0 Mołdawia Sheriff Tyraspol
48%
18/19 Liga Europy III Legia Warszawa 1:2 ; 2:2 Luksemburg F91 Dudelange
47%
17/18 Liga Mistrzów III Legia Warszawa 1:3 ; 1:0 Kazachstan FK Astana
47%
93/94 Liga Mistrzów II Lech Poznań 1-5 ; 1-2 Rosja Spartak Moskwa
46%
98/99 Liga Mistrzów II ŁKS Łódź 0:2 ; 0:0 Anglia Manchester United
45%
00/01 Liga Mistrzów III Polonia Warszawa 2:2 ; 1:2 Grecja Panathinaikos
45%
05/06 Liga Mistrzów III Wisła Kraków 3:1 ; 1:4 Grecja Panathinaikos
45%
22/23 Liga Konferencji Europy II Lechia Gdańsk 0:0 ; 1:2 Austria Rapid Wiedeń
45%
19/20 Liga Europy II Piast Gliwice 3:2 ; 1:2 Łotwa Ryga FC
43%
06/07 Liga Mistrzów III Legia Warszawa 0:1 ; 2:3 Ukraina Szachtar Donieck
43%
09/10 Liga Europy IV Lech Poznań 1:0 ; 0:1 k.3:4 Belgia Club Brugge
42%
92/93 Liga Mistrzów II Lech Poznań 0-1 ; 0-3 Szwecja IFK Goteborg
40%
15/16 Liga Europy II Śląsk Wrocław 0:0 ; 0:2 Szwecja IFK Goteborg
40%
16/17 Liga Europy II Piast Gliwice 0:3 ; 0:0 Szwecja IFK Goteborg
40%
13/14 Liga Europy IV Śląsk Wrocław 1:4 ; 0:5 Hiszpania Sevilla
39%
13/14 Liga Europy III Lech Poznań 0:1 ; 2:1 Litwa Żalgiris Wilno
38%
09/10 Liga Mistrzów II Wisła Kraków 1:1 ; 0:1 Estonia Levadia Tallin
35%
12/13 Liga Europy III Ruch Chorzów 0:2 ; 0:5 Czechy Viktoria Pilzno
35%
15/16 Liga Mistrzów III Lech Poznań 1:3 ; 0:1 Szwajcaria FC Basel
34%
21/22 Liga Konferencji Europy II Pogoń Szczecin 0:0 ; 0:1 Chorwacja NK Osijek
32%
97/98 Liga Mistrzów II Widzew Łódź 1:3 ; 0:4 Włochy Parma
32%
10/11 Liga Europy III Jagiellonia 1:2 ; 2:2 Grecja Aris Saloniki
31%
12/13 Liga Europy IV Legia Warszawa 1:1 ; 1:2 Norwegia Rosenborg
31%
17/18 Liga Europy III Arka Gdynia 3:2 ; 1:2 Dania FC Midtjylland
29%
99/00 Liga Mistrzów III Widzew Łódź 1:3 ; 0:2 Włochy Fiorentina
29%
22/23 Liga Mistrzów I Lech Poznań 1:0 ; 1:5 Azerbejdżan Karabach Agdam
23%
14/15 Liga Europy III Lech Poznań 0:1 ; 0:0 Islandia Stjarnan
23%
17/18 Liga Europy III Lech Poznań 0:0 ; 2:2 Holandia FC Utrecht
22%
14/15 Liga Europy IV Ruch Chorzów 0:0 ; 0:1 po dogrywce Ukraina Metalist Charków
22%
19/20 Liga Europy I Cracovia 1:1 ; 2:2 po dogrywce Słowacja DAC Dunajska Streda
21%
12/13 Liga Europy III Lech Poznań 0:3 ; 1:0 Szwecja AIK Sztokholm
17%
12/13 Liga Mistrzów III Śląsk Wrocław 0:3 ; 1:3 Szwecja Helsingborgs IF
17%
11/12 Liga Europy I Jagiellonia 1:0 ; 0:2 Kazachstan Irtysz Pawłodar
16%
16/17 Liga Europy I Cracovia 0:2 ; 1:2 Macedonia Północna Shkendija Tetowo
14%
14/15 Liga Europy II Zawisza Bydgoszcz 1:2 ; 1:3 Belgia Zulte Waregem
14%
21/22 Liga Konferencji Europy III Śląsk Wrocław 2:1 ; 0:4 Izrael Hapoel Beer Szewa
13%
17/18 Liga Europy II Jagiellonia 1:1 ; 0:2 Azerbejdżan FK Qabala
12%
12/13 Liga Europy IV Śląsk Wrocław 3:5 ; 1:5 Niemcy Hannover 96
12%
18/19 Liga Europy II Górnik Zabrze 0:1 ; 1:4 Słowacja AS Trenczyn
11%
16/17 Liga Europy III Zagłębie Lubin 1:2 ; 1:1 Dania Sonderjyske
11%
22/23 Liga Konferencji Europy II Pogoń Szczecin 1:1 ; 0:4 Dania Brondby IF
10%
09/10 Liga Europy III Polonia Warszawa 0:1 ; 1:3 Holandia NAC Breda
7%
Nie znaleziono quizów pasujących do podanych kryteriów
Rozkład punktacji
Procent ludzi z każdym wynikiem
Percentyl według liczby udzielonych odpowiedzi
Twoja historia wyników
Nie rozwiązałeś tego quizu od ostatniego zresetowania